000 01259nam0a2200325 4500
001 RU\NLR\BIBL_A\012047119
005 20190814135219.0
010 _a978-5-91103-482-5
021 _aRU
_bКН-П-19-040694
_9КН-П-19-2985
035 _a(NLR Aleph) 012047119
035 _a(RuMoRGB)010000933
090 _a11631529
_c11631529
100 _a20190626d2019 u y0rusy50 ca
101 1 _arus
102 _aRU
105 _ay|||z|||000zy
200 1 _a1947
_e[год, в который все началось]
_fЭлисабет Осбринк
_gперевод с шведского Нины Федоровой
210 _aМосква
_cАд Маргинем Пресс
_d2019
215 _a231 с.
_d20
300 _aЗагл. и авт. ориг.: 1947 / Elisabeth Asbrink
320 _aБиблиогр.: с. 212-221
454 0 _12001#$a1947$fElisabeth Åsbrink
_1700#1$aÅsbrink$bE.$gElisabeth
686 1 _aШ6(4Шв)67-49{Лх1489-45}
700 1 _aОсбринк
_bЭ.
_f1965-
_gЭлиcабет
_3RU\NLR\AUTH\770208920
942 _cBOOK
980 _aNBR
980 _aNB